[Event "41st Olympiad Women 2014"]
[Site "Tromso NOR"]
[Date "2014.08.03"]
[Round "2.39"]
[Board "4"]
[White "Ben Said, Safa"]
[Black "Zengeni, Paidaishe"]
[Result "1-0"]
[WhiteTitle "WCM"]
[BlackTitle "WCM"]
[WhiteElo "1589"]
[BlackElo "1678"]
[WhiteTeam "Tunisia"]
[BlackTeam "Zimbabwe"]
[WhiteFideId "5503400"]
[BlackFideId "11000660"]
[EventDate "2014.08.02"]

1. e4 c5 2. Nf3 e6 3. d3 Nf6 4. g3 d5 5. Nbd2 dxe4 6. dxe4 Qa5 7. c3 b5 8. Bg2
Bb7 9. e5 Nd5 10. O-O Nd7 11. c4 bxc4 12. Nxc4 Qc7 13. Qa4 Nb6 14. Nxb6 axb6 15.
Qf4 Be7 16. Ng5 O-O 17. Nf3 Rfd8 18. Re1 Nf8 19. Ng5 Bxg5 20. Qxg5 Bxg2 21. Kxg2
Ng6 22. h4 Rd5 23. Bf4 Qb7 24. Kg1 h6 25. Qg4 Nxf4 26. Qxf4 Rad8 27. Qf3 Qd7 28.
Qb3 Qc6 29. Rad1 Rxd1 30. Rxd1 Rxd1+ 31. Qxd1 Qe4 32. Qd8+ Kh7 33. Qxb6 Qxe5 34.
a4 Qe1+ 35. Kg2 Qe4+ 36. Kh2 Qxa4 37. Qxc5 Qb3 38. Qa3 Qb6 39. Kg1 Kg8 40. b4
Kf8 41. b5+ Ke8 42. Qa6 Qb8 43. b6 Kd8 44. Qa7 Kc8 45. Qxf7 Qxb6 46. Qg8+ Qd8
47. Qxe6+ Qd7 48. Qg8+ Kc7 49. Qc4+ Kd8 50. Kg2 Ke7 51. h5 Kf6 52. Qh4+ Kf7 53.
Qf4+ Ke7 54. g4 Qc6+ 55. Qf3 Qxf3+ 56. Kxf3 Ke6 57. Ke4 Kf6 58. Kf4 g5+ 59. hxg6
Kxg6 60. Kg3 Kf6 61. f4 Kg6 62. Kh4 Kf7 63. Kh5 Kg7 64. f5 Kh7 65. f6 Kg8 66.
Kxh6 Kh8 67. Kg6 Kg8 68. f7+ 1-0

[Event "41st Olympiad Women 2014"]
[Site "Tromso NOR"]
[Date "2014.08.03"]
[Round "2.51"]
[Board "1"]
[White "Blackman, Katrina"]
[Black "Caxita, Esperanca"]
[Result "1-0"]
[WhiteTitle "WCM"]
[BlackTitle "WIM"]
[WhiteElo "1627"]
[BlackElo "1727"]
[WhiteTeam "Barbados"]
[BlackTeam "Angola"]
[WhiteFideId "11100540"]
[BlackFideId "10100903"]
[EventDate "2014.08.02"]

1. e4 e5 2. Nf3 d6 3. Bc4 Be7 4. c3 Nf6 5. d3 Bg4 6. Nbd2 O-O 7. h3 Bh5 8. Bb3
Nbd7 9. Nf1 Nc5 10. Bc2 c6 11. Ng3 Bg6 12. O-O Qc7 13. Qe2 Rfe8 14. Nh4 d5 15.
Nhf5 Bf8 16. Qf3 Re6 17. Bg5 Rd8 18. Rfe1 h6 19. Bxf6 gxf6 20. h4 dxe4 21. dxe4
Rd2 22. Bb3 Nxb3 23. axb3 Qb6 24. Re2 Qd8 25. Rxd2 Qxd2 26. h5 Bxf5 27. Nxf5 a6
28. Rd1 Qg5 29. Rd8 Qc1+ 30. Kh2 Qf4+ 31. Qxf4 exf4 32. Nxh6+ Kh7 33. Nf5 Bc5
34. f3 b6 35. Rd7 Kg8 36. Nh6+ Kg7 37. Nf5+ Kg8 38. h6 Be3 39. Rd8+ Kh7 40. Rf8
Bc1 41. Rxf7+ Kh8 42. Ne7 f5 43. Nxf5 Bxb2 44. c4 b5 45. cxb5 cxb5 46. Rb7 Re5
47. Ra7 Re6 48. Rb7 Rg6 49. Kg1 Rc6 50. Kh2 Rg6 51. Kh3 Bc3 52. Rd7 Be5 53. Rd5
Re6 54. Kh4 Kh7 55. Kh5 Bc3 56. Rd7+ Kh8 57. Kg5 Be5 58. h7 a5 59. Nh4 Bg7 60.
Kxf4 Ra6 61. Nf5 Bf6 62. g4 a4 63. bxa4 bxa4 64. Ne3 a3 65. Nc2 Rc6 66. Nxa3 1-0

[Event "41st Olympiad Women 2014"]
[Site "Tromso NOR"]
[Date "2014.08.04"]
[Round "3.1"]
[Board "3"]
[White "Abrahamyan, Tatev"]
[Black "Tan, Zhongyi"]
[Result "1/2-1/2"]
[WhiteTitle "WGM"]
[BlackTitle "WGM"]
[WhiteElo "2366"]
[BlackElo "2468"]
[WhiteTeam "United States of America"]
[BlackTeam "China"]
[WhiteFideId "13301918"]
[BlackFideId "8603642"]
[EventDate "2014.08.02"]

1. e4 d6 2. d4 g6 3. Nc3 Bg7 4. f4 Nf6 5. Bd3 O-O 6. Nf3 Na6 7. O-O c5 8. d5 Bg4
9. Bc4 Nd7 10. h3 Bxf3 11. Rxf3 Rc8 12. Be3 Qa5 13. Bd2 Qc7 14. Nb5 Qb8 15. Bc3
Nc7 16. Bxg7 Kxg7 17. Nxc7 Qxc7 18. Qe2 a6 19. a4 Qa5 20. Raf1 Nb6 21. b3 Nxc4
22. bxc4 Qxa4 23. f5 Kg8 24. Kh1 b5 25. Qf2 Qxc4 26. fxg6 hxg6 27. Qh4 Rce8 28.
Qg4 Kg7 29. h4 f5 30. Rxf5 Qxf1+ 31. Rxf1 Rxf1+ 32. Kh2 Rh8 33. e5 Rf5 34. exd6
exd6 35. Kh3 Re8 36. Qd1 Kh7 37. Qa1 Ra8 38. Qa5 Rf7 39. g4 Raa7 40. Kg3 b4 41.
g5 Rab7 42. Qxa6 b3 43. cxb3 Rxb3+ 44. Kg2 Rb2+ 45. Kg3 Rb3+ 46. Kg2 Rfb7 47. h5
Rb2+ 48. Kf1 R2b6 49. Qa8 Rb1+ 50. Ke2 R1b2+ 51. Kd3 R7b3+ 52. Kc4 Rb8 53. Qc6
R2b4+ 54. Kc3 Rb3+ 55. Kc2 Rb2+ 56. Kc1 Rb1+ 57. Kc2 R8b2+ 58. Kc3 Rb3+ 59. Kc2
R1b2+ 1/2-1/2

[Event "41st Olympiad Women 2014"]
[Site "Tromso NOR"]
[Date "2014.08.04"]
[Round "3.1"]
[Board "4"]
[White "Guo, Qi"]
[Black "Nemcova, Katerina"]
[Result "1/2-1/2"]
[WhiteTitle "WGM"]
[BlackTitle "WGM"]
[WhiteElo "2453"]
[BlackElo "2315"]
[WhiteTeam "China"]
[BlackTeam "United States of America"]
[WhiteFideId "8604002"]
[BlackFideId "322750"]
[EventDate "2014.08.02"]

1. d4 Nf6 2. Nf3 e6 3. c4 Bb4+ 4. Bd2 Qe7 5. g3 Nc6 6. Nc3 Bxc3 7. Bxc3 Ne4 8.
Rc1 O-O 9. Bg2 d6 10. d5 Nb8 11. dxe6 Bxe6 12. Nd4 Bd7 13. O-O Nc6 14. Nb5 Rac8
15. Be1 f5 16. e3 Be6 17. b3 Qf7 18. Nc3 Nf6 19. Ne2 Ne4 20. Nf4 Bd7 21. Qd5
Rce8 22. h4 Re5 23. Qxf7+ Rxf7 24. Nd5 Bc8 25. b4 Re8 26. Nc3 Kf8 27. b5 Nd8 28.
Nxe4 fxe4 29. Bb4 b6 30. a4 a5 31. Ba3 Bg4 32. Rc2 h5 33. Rfc1 g6 34. Rd2 Rf5
35. Rd4 Bf3 36. Bh3 Bg4 37. Bg2 Bf3 38. Bh3 Bg4 39. Bg2 Bf3 40. Bh3 Bg4 41. Bg2 1/2-1/2

[Event "41st Olympiad Women 2014"]
[Site "Tromso NOR"]
[Date "2014.08.04"]
[Round "3.2"]
[Board "1"]
[White "Sahl, Sheila Barth"]
[Black "Hoang, Thanh Trang"]
[Result "0-1"]
[WhiteTitle "WIM"]
[BlackTitle "GM"]
[WhiteElo "2216"]
[BlackElo "2485"]
[WhiteTeam "Norway"]
[BlackTeam "Hungary"]
[WhiteFideId "1500953"]
[BlackFideId "12400149"]
[EventDate "2014.08.02"]

1. e4 e6 2. d4 d5 3. Nd2 Nf6 4. e5 Nfd7 5. Bd3 c5 6. c3 Nc6 7. Ngf3 Be7 8. a3 a5
9. O-O a4 10. Bc2 b5 11. Re1 cxd4 12. cxd4 Nb6 13. Nf1 Nc4 14. Rb1 Bd7 15. Bd2
Qb6 16. Bc3 b4 17. axb4 Nxb4 18. Ne3 Nxc2 19. Nxc4 dxc4 20. Qxc2 Bc6 21. Nd2 Qb5
22. Qd1 O-O 23. Qe2 Bd5 24. Ra1 Rfb8 25. Ra2 a3 26. bxa3 Rxa3 27. Rc2 Qa4 28.
Ne4 Rbb3 29. Qd2 Bxe4 30. Rxe4 Rb1+ 31. Rc1 Rxc1+ 32. Qxc1 Qb3 33. Be1 c3 34. d5
exd5 35. Re2 d4 36. Rc2 Qa4 37. e6 Ra1 38. exf7+ Kf8 0-1

[Event "41st Olympiad Women 2014"]
[Site "Tromso NOR"]
[Date "2014.08.04"]
[Round "3.2"]
[Board "2"]
[White "Madl, Ildiko"]
[Black "Bjerke, Silje"]
[Result "1-0"]
[WhiteTitle "IM"]
[BlackTitle "WIM"]
[WhiteElo "2347"]
[BlackElo "2189"]
[WhiteTeam "Hungary"]
[BlackTeam "Norway"]
[WhiteFideId "700550"]
[BlackFideId "1502786"]
[EventDate "2014.08.02"]

1. e4 e5 2. Nf3 Nc6 3. Bb5 a6 4. Ba4 Nf6 5. O-O Be7 6. Re1 b5 7. Bb3 O-O 8. a4
b4 9. d3 d6 10. Nbd2 Be6 11. Nc4 Rb8 12. h3 Qc8 13. c3 Qb7 14. Ba2 b3 15. Bb1
Nxe4 16. Rxe4 d5 17. Rxe5 dxc4 18. Re1 Rbd8 19. Qe2 Na5 20. dxc4 Bf6 21. Ng5
Bxg5 22. Bxg5 Rde8 23. Be4 Qc8 24. Qh5 f5 25. Bd5 Nxc4 26. Rxe6 Rxe6 27. Re1 g6
28. Qe2 1-0

[Event "41st Olympiad Women 2014"]
[Site "Tromso NOR"]
[Date "2014.08.04"]
[Round "3.2"]
[Board "4"]
[White "Papp, Petra"]
[Black "Hagesather, Ellen"]
[Result "1/2-1/2"]
[WhiteTitle "WGM"]
[BlackTitle "WIM"]
[WhiteElo "2274"]
[BlackElo "2182"]
[WhiteTeam "Hungary"]
[BlackTeam "Norway"]
[WhiteFideId "739049"]
[BlackFideId "1501909"]
[EventDate "2014.08.02"]

1. e4 e5 2. Nf3 Nc6 3. Bb5 a6 4. Ba4 Nf6 5. O-O Be7 6. Re1 b5 7. Bb3 d6 8. c3
O-O 9. h3 Nb8 10. d4 Nbd7 11. Nbd2 Bb7 12. Bc2 Re8 13. b3 c5 14. d5 Nb6 15. c4
b4 16. Nf1 Bf8 17. Bg5 h6 18. Be3 Kh7 19. g4 g6 20. Ng3 a5 21. Kh2 a4 22. Qd2
Ng8 23. Rg1 axb3 24. axb3 Rxa1 25. Rxa1 Be7 26. Kg2 Qd7 27. Qc1 Ra8 28. Rxa8
Nxa8 29. Qa1 f6 30. Ne1 Nc7 31. f4 Bc8 32. Nf3 Ne8 33. f5 g5 34. h4 Kg7 35. hxg5
hxg5 36. Qh1 Bd8 37. Nh5+ Kf8 38. Ng3 Qa7 39. Ne2 Qa2 40. Qb1 Qxb1 1/2-1/2

[Event "41st Olympiad Women 2014"]
[Site "Tromso NOR"]
[Date "2014.08.04"]
[Round "3.3"]
[Board "4"]
[White "Congiu, Mathilde"]
[Black "Girya, Olga"]
[Result "1/2-1/2"]
[WhiteTitle "WIM"]
[BlackTitle "WGM"]
[WhiteElo "2318"]
[BlackElo "2484"]
[WhiteTeam "France"]
[BlackTeam "Russia"]
[WhiteFideId "634581"]
[BlackFideId "4195752"]
[EventDate "2014.08.02"]

1. e4 c5 2. Nf3 e6 3. d4 cxd4 4. Nxd4 Nc6 5. Nc3 Qc7 6. Be3 a6 7. Qd2 Nf6 8. f4
Bb4 9. Bd3 Na5 10. a3 Bxc3 11. Qxc3 Qxc3+ 12. bxc3 d5 13. e5 Ne4 14. Nb3 Nc4 15.
Bxc4 dxc4 16. Na5 Bd7 17. Bd4 Rc8 18. Nxb7 Bc6 19. Na5 Bd5 20. Rb1 Kd7 21. Rg1
f5 22. Rb4 Rhg8 23. h4 h6 24. g4 fxg4 25. Rxg4 g5 26. fxg5 hxg5 27. Nxc4 Rxc4
28. Rxc4 Bxc4 29. Rxe4 gxh4 30. Rxh4 Bd5 31. Kd2 Rg2+ 32. Kd3 Bf3 33. Rf4 Be2+
34. Kd2 Bh5+ 35. Rf2 Rxf2+ 36. Bxf2 Kc6 37. c4 Bg4 38. Kc3 Bd1 39. Kb3 Be2 40.
Kb4 Bf1 41. Be3 Be2 42. Kc3 Bf1 43. Kd4 Be2 44. a4 Bf1 1/2-1/2

[Event "41st Olympiad Women 2014"]
[Site "Tromso NOR"]
[Date "2014.08.04"]
[Round "3.4"]
[Board "1"]
[White "Danielian, Elina"]
[Black "Nguyen, Thi Mai Hung"]
[Result "1/2-1/2"]
[WhiteTitle "GM"]
[BlackTitle "WIM"]
[WhiteElo "2490"]
[BlackElo "2307"]
[WhiteTeam "Armenia"]
[BlackTeam "Vietnam"]
[WhiteFideId "13300210"]
[BlackFideId "12401676"]
[EventDate "2014.08.02"]

1. c4 c6 2. e4 d5 3. exd5 cxd5 4. cxd5 Nf6 5. Qa4+ Nbd7 6. Nc3 g6 7. Bc4 Bg7 8.
d3 O-O 9. Nf3 a6 10. Qa3 Nb6 11. Qb3 Qc7 12. O-O Bf5 13. Re1 Rac8 14. h3 Rfd8
15. Bg5 Nxc4 16. dxc4 h6 17. Bxf6 Bxf6 18. Nd2 Bd3 19. Rac1 Bxc4 20. Nxc4 Qxc4
21. Qxb7 Rc7 22. Qb6 Bd4 23. Qa5 Qc5 24. Qxc5 Rxc5 25. Rxe7 Rdxd5 26. Rc2 Rf5
27. Ree2 Kg7 28. Kf1 Rc6 29. Ne4 Rb6 30. Red2 Be5 31. b3 Bf4 32. Rd7 Re6 33. Rc4
Bb8 34. f3 Rfe5 35. Rb4 Re8 36. Rdb7 a5 37. R4b6 Rf5 38. Rxb8 Rxe4 39. Rb5 Ree5
40. a4 h5 41. Kf2 Rc5 42. g4 Rc2+ 43. Kg3 h4+ 44. Kxh4 Rxf3 45. R8b7 Kh6 1/2-1/2

[Event "41st Olympiad Women 2014"]
[Site "Tromso NOR"]
[Date "2014.08.04"]
[Round "3.4"]
[Board "2"]
[White "Hoang, Thi Nhu Y"]
[Black "Mkrtchian, Lilit"]
[Result "0-1"]
[WhiteTitle "WIM"]
[BlackTitle "IM"]
[WhiteElo "2269"]
[BlackElo "2453"]
[WhiteTeam "Vietnam"]
[BlackTeam "Armenia"]
[WhiteFideId "12401455"]
[BlackFideId "13300601"]
[EventDate "2014.08.02"]

1. d4 Nf6 2. Nf3 e6 3. e3 c5 4. Bd3 d5 5. b3 Nc6 6. a3 b6 7. Nbd2 Bb7 8. Bb2 Bd6
9. Qe2 O-O 10. Ne5 Ne7 11. O-O Ne4 12. Rfd1 Nxd2 13. Rxd2 Qc7 14. f4 Rae8 15.
dxc5 bxc5 16. c4 f6 17. Nf3 Ng6 18. g3 Ba8 19. Rf1 f5 20. Bc2 Be7 21. h4 Bf6 22.
Bxf6 Rxf6 23. h5 Nh8 24. Qd3 Nf7 25. Qc3 Nd6 26. Rh2 Nf7 27. Bd3 Nh6 28. Ne5 Rc8
29. Rc1 Qe7 30. Bf1 Rff8 31. Bg2 Rfd8 32. cxd5 exd5 33. Qc2 Qe6 34. Bh3 d4 35.
exd4 cxd4 36. Qd1 Rxc1 37. Qxc1 Qxb3 38. Kf2 d3 39. Qd2 Be4 40. Bf1 Rc8 41. Qa5
Qb2+ 42. Kg1 Qd4+ 43. Rf2 Rc2 44. Qe1 Ng4 0-1

[Event "41st Olympiad Women 2014"]
[Site "Tromso NOR"]
[Date "2014.08.04"]
[Round "3.4"]
[Board "3"]
[White "Galojan, Lilit"]
[Black "Hoang, Thi Bao Tram"]
[Result "1/2-1/2"]
[WhiteTitle "IM"]
[BlackTitle "WGM"]
[WhiteElo "2275"]
[BlackElo "2329"]
[WhiteTeam "Armenia"]
[BlackTeam "Vietnam"]
[WhiteFideId "13301314"]
[BlackFideId "12401102"]
[EventDate "2014.08.02"]

1. d4 d5 2. c4 c6 3. Nf3 Nf6 4. e3 e6 5. Bd3 Nbd7 6. b3 Bb4+ 7. Nbd2 O-O 8. Bb2
dxc4 9. Bxc4 Ne4 10. O-O Nxd2 11. Nxd2 Nb6 12. Bd3 e5 13. a3 Bxd2 14. Qxd2 exd4
15. Bxd4 Be6 16. Qc2 f5 17. Rfd1 Nd5 18. b4 a6 19. Qb2 Qg5 20. f4 Qg6 21. a4
Rfd8 22. Bf1 Rac8 23. Rac1 b5 24. Ra1 Bf7 25. axb5 cxb5 26. Rdc1 Rxc1 27. Rxc1
Re8 28. Kf2 Qh6 29. h3 Qh4+ 30. Kg1 Qg3 31. Qd2 Nxe3 32. Bxe3 Qxe3+ 33. Qxe3
Rxe3 34. Kf2 Re8 35. Bd3 g6 36. Rc6 Re6 37. Rxe6 Bxe6 38. Ke3 Bd5 39. g3 Kf7 40.
Kd4 Ke6 41. Kc5 Bc4 42. Bc2 Kd7 43. Bd1 Kc7 44. Bf3 h5 45. h4 Bb3 46. Bc6 Bf7 1/2-1/2

[Event "41st Olympiad Women 2014"]
[Site "Tromso NOR"]
[Date "2014.08.04"]
[Round "3.4"]
[Board "4"]
[White "Luong, Phuong Hanh"]
[Black "Kursova, Maria"]
[Result "0-1"]
[BlackTitle "WGM"]
[WhiteElo "2171"]
[BlackElo "2313"]
[WhiteTeam "Vietnam"]
[BlackTeam "Armenia"]
[WhiteFideId "12401013"]
[BlackFideId "4129709"]
[EventDate "2014.08.02"]

1. Nf3 c5 2. g3 Nc6 3. Bg2 g6 4. d4 cxd4 5. Nxd4 Bg7 6. Nxc6 bxc6 7. O-O Rb8 8.
Nd2 Qc7 9. Ne4 d6 10. c3 a5 11. Qa4 Bd7 12. Rd1 Nf6 13. Nxf6+ Bxf6 14. Bh6 Rxb2
15. Rab1 Rxb1 16. Rxb1 e6 17. c4 Ke7 18. c5 d5 19. Rb6 Ra8 20. Qb3 a4 21. Qb4
Qa7 22. Rb7 Qa6 23. Qf4 Qxb7 24. Qd6+ Kd8 25. Qf8+ Be8 26. Bf4 Qe7 27. Qg8 Qxc5
28. Qxh7 e5 29. Be3 d4 30. Bh6 a3 31. Qg8 Rb8 32. h4 Rb2 33. Bf8 Be7 0-1

[Event "41st Olympiad Women 2014"]
[Site "Tromso NOR"]
[Date "2014.08.04"]
[Round "3.5"]
[Board "1"]
[White "Dimitrijevic, Aleksandra"]
[Black "Pourkashiyan, Atousa"]
[Result "0-1"]
[WhiteTitle "WFM"]
[BlackTitle "WGM"]
[WhiteElo "2293"]
[BlackElo "2352"]
[WhiteTeam "Bosnia & Herzegovina"]
[BlackTeam "Iran"]
[WhiteFideId "929239"]
[BlackFideId "12502014"]
[EventDate "2014.08.02"]

1. e4 c5 2. Nf3 e6 3. d4 cxd4 4. Nxd4 a6 5. c3 d6 6. Be3 Nf6 7. Bd3 Nbd7 8. Nd2
d5 9. Qa4 Bd6 10. Nb5 Bb8 11. O-O-O O-O 12. h3 b6 13. f4 Bb7 14. Na3 Nc5 15.
Bxc5 bxc5 16. e5 Nd7 17. Bb1 f6 18. f5 fxe5 19. fxe6 Nf6 20. g4 Qe7 21. g5 Nh5
22. Qg4 Nf4 23. Ne4 Kh8 24. Rhf1 Bc7 25. Ng3 Nxe6 26. h4 g6 27. h5 Qxg5+ 28.
Qxg5 Nxg5 29. hxg6 Rxf1 30. Rxf1 e4 31. Ne2 hxg6 32. Rg1 Bd8 33. Nf4 Kh7 34. Nc2
Be7 35. Ne3 Rd8 36. Ng4 Rf8 37. Rf1 Bd6 38. Rh1+ Kg7 39. Nxg6 Kxg6 40. Rh6+ Kf5
41. Ne3+ Ke5 42. Ng4+ Kf4 0-1

[Event "41st Olympiad Women 2014"]
[Site "Tromso NOR"]
[Date "2014.08.04"]
[Round "3.5"]
[Board "3"]
[White "Dengler, Dijana"]
[Black "Hejazipour, Mitra"]
[Result "0-1"]
[WhiteTitle "WFM"]
[BlackTitle "WIM"]
[WhiteElo "2070"]
[BlackElo "2269"]
[WhiteTeam "Bosnia & Herzegovina"]
[BlackTeam "Iran"]
[WhiteFideId "14400081"]
[BlackFideId "12505951"]
[EventDate "2014.08.02"]

1. e4 c5 2. Nf3 e6 3. b3 Nc6 4. Bb2 d6 5. Bd3 Nf6 6. c3 d5 7. exd5 exd5 8. O-O
Be7 9. h3 O-O 10. Na3 a6 11. Nc2 Nh5 12. Ne3 Nf4 13. Bf5 b5 14. d4 c4 15. a4 Rb8
16. axb5 Rxb5 17. Bc2 cxb3 18. Bf5 a5 19. Re1 Re8 20. Qb1 g6 21. Bxc8 Qxc8 22.
Ra4 Bf8 23. h4 Bg7 24. g3 Nh5 25. Kg2 Nf6 26. Qd3 Qb8 27. Rh1 h5 28. Ng5 Bh6 29.
Rha1 Bxg5 30. hxg5 Ne4 31. f4 h4 32. Ng4 hxg3 33. Rf1 Ne7 34. Nh6+ Kg7 35. c4
Rb4 36. Rxa5 Rxc4 37. Rc5 Rc8 38. Kf3 Rc2 39. Rb5 Qd6 0-1

[Event "41st Olympiad Women 2014"]
[Site "Tromso NOR"]
[Date "2014.08.04"]
[Round "3.5"]
[Board "4"]
[White "Asgarizadeh, Minoo"]
[Black "Jacimovic, Sara"]
[Result "1-0"]
[WhiteTitle "WFM"]
[WhiteElo "2147"]
[BlackElo "2032"]
[WhiteTeam "Iran"]
[BlackTeam "Bosnia & Herzegovina"]
[WhiteFideId "12512230"]
[BlackFideId "14403668"]
[EventDate "2014.08.02"]

1. e4 e5 2. Nf3 Nc6 3. Bb5 a6 4. Ba4 Nf6 5. O-O Be7 6. Bxc6 dxc6 7. d3 Bd6 8. b3
O-O 9. Bb2 Qe7 10. Nbd2 Bg4 11. Nc4 Nd7 12. Ne3 f5 13. exf5 Bxf5 14. Nxf5 Rxf5
15. Nd2 Bc5 16. Ne4 Bb6 17. Qe2 Raf8 18. Bc1 Qh4 19. Be3 Nf6 20. Bxb6 Rh5 21. h3
cxb6 22. Nxf6+ gxf6 23. Rae1 Rg5 24. Qf3 Rf7 25. Kh2 Rfg7 26. Rg1 Qh6 27. d4 Qg6
28. dxe5 fxe5 29. Qe4 Qf6 30. Re2 Rd7 31. c3 Qf4+ 32. Qxf4 exf4 33. Rge1 Kf7 34.
Re4 Rf5 35. h4 h5 36. f3 b5 37. Kg1 a5 38. Kf2 Rd2+ 39. R1e2 Rxe2+ 40. Kxe2 Kf6
41. Re8 Re5+ 42. Rxe5 Kxe5 43. Kf2 b4 44. c4 b6 45. g3 fxg3+ 46. Kxg3 Kf5 47.
Kg2 Kf4 48. Kf2 b5 49. cxb5 cxb5 50. Kg2 Kf5 51. Kg3 Ke5 52. Kg2 Kf5 53. Kf1 Ke5
54. Ke2 Kf4 55. Kf2 a4 56. Kg2 Ke3 57. Kg3 a3 58. Kg2 Kd3 59. f4 Kc2 60. f5 Kb2
61. f6 Kxa2 62. f7 Kxb3 63. f8=Q a2 64. Qf6 Kc2 65. Qa1 b3 66. Kf3 b4 67. Ke4 1-0

[Event "41st Olympiad Women 2014"]
[Site "Tromso NOR"]
[Date "2014.08.04"]
[Round "3.6"]
[Board "1"]
[White "Mamedjarova, Zeinab"]
[Black "Seps, Monika"]
[Result "0-1"]
[WhiteTitle "WGM"]
[BlackTitle "WIM"]
[WhiteElo "2229"]
[BlackElo "2236"]
[WhiteTeam "Azerbaijan"]
[BlackTeam "Switzerland"]
[WhiteFideId "13401521"]
[BlackFideId "1308521"]
[EventDate "2014.08.02"]

1. d4 Nf6 2. c4 g6 3. Nf3 Bg7 4. g3 O-O 5. Bg2 d6 6. O-O c6 7. Nc3 Qb6 8. e4 Bg4
9. Rb1 e5 10. d5 cxd5 11. cxd5 Rc8 12. Bg5 Nbd7 13. h3 Bxf3 14. Qxf3 h6 15. Be3
Qd8 16. Rfc1 a6 17. Rc2 h5 18. Rbc1 Qf8 19. Na4 Rxc2 20. Rxc2 Rc8 21. Qd1 Qd8
22. Rxc8 Qxc8 23. Qb3 Bf8 24. f3 h4 25. g4 Be7 26. Bf1 Bd8 27. Qc3 Qb8 28. b3 b5
29. Nb2 Bb6 30. Bxb6 Qxb6+ 31. Kg2 Nc5 32. Qe3 Qa5 33. a4 bxa4 34. Nxa4 Nxa4 35.
bxa4 Qxa4 36. Qb6 Qc2+ 37. Kg1 Qc3 38. Kg2 Qe1 39. Qxd6 Qg3+ 40. Kh1 Qxf3+ 41.
Bg2 Qf4 42. Qb4 a5 43. Qa4 Qd2 44. d6 Qxd6 45. Qxa5 Kg7 46. Kh2 Nh7 47. Qe1 Qf6
48. Kh1 Nf8 49. Qa1 Ne6 50. Qa5 Qf4 51. Qe1 Qf6 52. Kh2 Kh6 53. Kh1 Kg5 54. Qb4
Nd4 55. Qd2+ Qf4 56. Qb2 Qe3 57. Qa1 f6 58. Qb1 Ne2 59. Kh2 Qf2 60. Kh1 Nf4 61.
Qf1 Qxg2+ 0-1

[Event "41st Olympiad Women 2014"]
[Site "Tromso NOR"]
[Date "2014.08.04"]
[Round "3.6"]
[Board "2"]
[White "Hund, Barbara"]
[Black "Mammadova, Gulnar"]
[Result "0-1"]
[WhiteTitle "WGM"]
[BlackTitle "WGM"]
[WhiteElo "2153"]
[BlackElo "2334"]
[WhiteTeam "Switzerland"]
[BlackTeam "Azerbaijan"]
[WhiteFideId "1301446"]
[BlackFideId "13403508"]
[EventDate "2014.08.02"]

1. e4 d6 2. d4 Nf6 3. Nc3 g6 4. Be3 a6 5. a4 Bg7 6. Qd2 Nbd7 7. Nf3 O-O 8. Bh6
c5 9. Bxg7 Kxg7 10. Be2 cxd4 11. Qxd4 Qb6 12. Qxb6 Nxb6 13. a5 Nbd7 14. O-O Nc5
15. Nd2 Be6 16. f4 Rac8 17. Bf3 Rfd8 18. Rfd1 Bd7 19. Kf2 e5 20. fxe5 dxe5 21.
Ke3 Be6 22. Nf1 Ne8 23. Rxd8 Rxd8 24. Rd1 Rxd1 25. Nxd1 Nd6 26. Nd2 f5 27. g3
fxe4 28. b4 Nf5+ 29. Kf2 exf3 30. bxc5 Kf6 31. Nc3 Nd4 32. Nce4+ Ke7 33. Nd6 Bd5
34. c3 Ne6 35. N6e4 h5 36. Ke3 f2 37. Kxf2 Bxe4 38. Nxe4 Kd7 39. g4 h4 40. g5
Kc6 41. Kf3 Nxc5 42. Nf2 Kd5 43. Kg4 Ne4 44. Nd1 h3 45. Ne3+ Kc5 46. c4 Kd4 47.
Nd5 Nf2+ 48. Kg3 Nd3 49. Kxh3 e4 50. Kg3 Kxc4 51. Ne7 Ne5 52. Kf2 Kd3 53. Nd5
Kd4 54. Ne3 Nd3+ 55. Ke2 Nf4+ 56. Kf2 Nh3+ 57. Ke2 Nxg5 58. Nc2+ Ke5 59. Ke3 Ne6
60. Na3 Kd5 61. Nb1 Nc5 62. Nd2 Kc6 63. h4 Kd5 64. Nf1 Nb3 65. Ng3 Nxa5 66. Nxe4
Nc4+ 67. Kf4 b5 68. Nc3+ Kd4 69. Ne2+ Kd3 70. Nc1+ Kc2 71. Ne2 b4 72. Kg5 Ne5
73. Kf4 b3 74. Nd4+ Kc3 0-1

[Event "41st Olympiad Women 2014"]
[Site "Tromso NOR"]
[Date "2014.08.04"]
[Round "3.6"]
[Board "3"]
[White "Abdulla, Khayala"]
[Black "Heinatz, Gundula"]
[Result "1/2-1/2"]
[WhiteTitle "WIM"]
[BlackTitle "WIM"]
[WhiteElo "2286"]
[BlackElo "2169"]
[WhiteTeam "Azerbaijan"]
[BlackTeam "Switzerland"]
[WhiteFideId "13401807"]
[BlackFideId "4612434"]
[EventDate "2014.08.02"]

1. e4 e6 2. d4 d5 3. e5 c5 4. c3 Nc6 5. Nf3 Bd7 6. Be2 Nge7 7. O-O Ng6 8. g3 Be7
9. Na3 cxd4 10. cxd4 O-O 11. h4 f6 12. h5 Nh8 13. h6 g6 14. exf6 Bxf6 15. Nc2
Nf7 16. Be3 Rc8 17. Qd2 Nd6 18. Bd3 Nc4 19. Bxc4 dxc4 20. Ng5 Ne7 21. Ne4 Bh8
22. Bg5 Bc6 23. Rae1 Rf7 24. Nc3 Qd7 25. Bxe7 Rxe7 26. Qg5 Rf7 27. Qg4 Rf5 28.
Re3 Rcf8 29. f3 Bf6 30. Ne2 Bg5 31. Re5 Bxh6 32. Rxf5 Rxf5 33. Nc3 Bg7 34. Kg2
b5 35. Ne4 Bxe4 36. Qxe4 Qd5 37. Re1 Qxe4 38. Rxe4 Rd5 39. f4 Kf7 40. Kf3 a5 41.
a3 b4 42. axb4 axb4 43. Nxb4 Rxd4 44. Re2 h5 45. Kg2 Rd1 46. Rc2 Rb1 47. Rxc4
Rxb2+ 48. Kh3 g5 49. fxg5 Rd2 50. g4 Kg6 51. gxh5+ Kxh5 52. Re4 Bf8 53. Nc6 Bd6
54. Ne5 Bxe5 1/2-1/2

[Event "41st Olympiad Women 2014"]
[Site "Tromso NOR"]
[Date "2014.08.04"]
[Round "3.6"]
[Board "4"]
[White "De Seroux, Camille"]
[Black "Ibrahimova, Sabina"]
[Result "0-1"]
[WhiteTitle "WFM"]
[BlackTitle "WIM"]
[WhiteElo "2129"]
[BlackElo "2263"]
[WhiteTeam "Switzerland"]
[BlackTeam "Azerbaijan"]
[WhiteFideId "1305620"]
[BlackFideId "13403893"]
[EventDate "2014.08.02"]

1. e4 c5 2. Nf3 Nc6 3. d4 cxd4 4. Nxd4 g6 5. Nc3 Bg7 6. Be3 Nf6 7. Bc4 O-O 8.
Bb3 d6 9. f3 Nxd4 10. Bxd4 Bd7 11. Qd2 b5 12. O-O-O a5 13. a4 bxa4 14. Bxa4 Rb8
15. b3 Bxa4 16. Nxa4 Qc7 17. Kb1 Rfc8 18. Bb2 Rb4 19. e5 dxe5 20. Rhe1 e4 21.
Ba3 Rxa4 22. bxa4 Nd5 23. fxe4 Nc3+ 24. Kc1 Na2+ 25. Kb1 Rb8+ 0-1